00291nam a2200121Ia 45000030006000000080041000060400015000471000020000622450049000822600009001315460012001400050017001520STCL150530s9999 xx 000 0 und d aSTCLcSTCL aSivarajan, V.V. aIntroduction to principles of plant taxonomy c1984 aEnglish20220125170407.0